Conjuntos habitacionales

Bibliographic Details
Main Author: Macsai, John.
Format: Section = Libro
Language:Undetermined
Spanish
Published: México Limusa 1984
Subjects:
LEADER 00450nam a2200181Ia 4500
008 240829s9999 xx 000 0 und d
020 |a 968-18-1445-2 
040 |a BIBLIOTECA-RUPAP 721 C743 
041 |a spa 
082 |a 721 C743 
100 1 |a Macsai, John. 
245 1 0 |a Conjuntos habitacionales 
260 |a México  |b Limusa  |c 1984 
300 |a 541 p. :il. 
650 7 |a DISEÑO ARQUITECTURA. I. Tít. 
942 |c BK  |2 ddc 
991 |a TEXTO 
999 |c 9174